|
|
|
|
| LEADER |
00957cam a2200241 7i4500 |
| 001 |
0000074428 |
| 005 |
20230113090000.0 |
| 020 |
|
|
|a 9781119896333 (electronic book)
|
| 090 |
0 |
0 |
|a TK5105.8857
|b .T82 2022
|
| 245 |
0 |
0 |
|a Trust-based communication systems for internet of things applications
|c edited by Prateek Agrawal [and five others].
|
| 264 |
|
|
|a Hoboken, NJ:
|b John Wiley & Sons,
|c 2022.
|
| 300 |
|
|
|a 1 online resource (315 pages):
|b colour illustrations, text file, PDF.
|
| 336 |
|
|
|a text
|2 rdacontent
|
| 337 |
|
|
|a computer
|2 rdamedia
|
| 338 |
|
|
|a online resource
|2 rdacarrier
|
| 650 |
|
0 |
|a Computer security
|
| 650 |
|
0 |
|a Internet of things
|
| 655 |
|
0 |
|a Electronic books
|
| 700 |
1 |
|
|a Agrawal, Prateek
|
| 856 |
4 |
2 |
|u http://library.unisel.edu.my/web/guest/mylibrary
|
| 997 |
|
|
|a Communication, Visual Art & Computing, Faculty
|b Computing, Department
|
| 998 |
|
|
|a Information Technology, Degree
|
| 999 |
|
|
|a EBO0017449
|b EBOOK
|c EBOOK
|e Electronic resources
|